Angielskie nazwy znaków zodiaku - Statystyki

Ogólne statystyki
  • Ten quiz został rozwiązany 15 razy
  • Średni wynik to 7 z 12
Statystyki odpowiedzi
Polski Anglelski % Poprawnych
Lew Leo
77%
Wodnik Aquarius
62%
Rak Cancer
62%
Bliźnięta Gemini
62%
Skorpion Scorpio
62%
Waga Libra
54%
Panna Virgo
54%
Baran Aries
46%
Koziorożec Capricorn
46%
Ryby Pisces
46%
Byk Taurus
46%
Strzelec Sagittarius
38%
Nie znaleziono quizów pasujących do podanych kryteriów
Rozkład punktacji
Procent ludzi z każdym wynikiem
Percentyl według liczby udzielonych odpowiedzi
Twoja historia wyników
Nie rozwiązałeś tego quizu